| 000 | 00431cam a2200169u 4500 | ||
|---|---|---|---|
| 005 | 20260322212043.0 | ||
| 008 | data | ||
| 010 | _a 56058576 | ||
| 040 |
_aDLC _cCarP _dDLC |
||
| 050 | 0 | 0 |
_aPZ3.V594 _bMy26 |
| 100 | 1 |
_aVerne, Jules, _d1828-1905. |
|
| 240 | 0 | 0 | _aL'île mystérieuse. English. |
| 245 | 1 | 4 |
_aThe mysterious island, _cJules Verne. |
| 260 |
_aNew York, _bGrosset & Dunlap _c[1956] |
||
| 300 |
_a500 p. _c22 cm. |
||
| 001 | data | ||
| 999 |
_c1024 _d1024 |
||